| 000 | 01203nam a2200241Ia 4500 | ||
|---|---|---|---|
| 003 | Ost | ||
| 005 | 20260507074906.0 | ||
| 008 | 260507s9999||||xx |||||||||||||| ||und|| | ||
| 020 | _a9960245454 | ||
| 040 | _cfsecg | ||
| 041 | _aara | ||
| 082 | _a333.32 | ||
| 100 |
_aهور، مارتن _eمؤلف |
||
| 245 | 0 |
_aالملكية الفكرية : _bالتنوع البيولوجي والتنمية المستدامة وحل المسائل الصعبة / _c مارتن هور |
|
| 260 |
_aالرياض: _bدار المريخ للنشر, _c2002 |
||
| 300 |
_a147 صفحة؛ _bإيضاحات ؛ _c21 سم |
||
| 520 | _aخلفية النقاش الدولي، التربس، حقوق الملكية الفكرية والمعرفة التقليدية، العلاقة بين التربس واتفاق التنوع البيولوجي، اتفاق التربس وحقوق الملكية الفكرية، التربس ونقل التكنولوجيا | ||
| 653 | _aالتنمية المستدامة | ||
| 653 | _aالملكية العامة | ||
| 700 |
_a بليح، أحمد بديع _eمؤلف ثانوي |
||
| 700 |
_aالسيد، أحمد عبد الخالق _eمؤلف ثانوي |
||
| 942 | _cكتاب | ||
| 999 |
_c41696 _d41696 |
||